Statistics for Geographical Tiles

Click here to take the quiz!

General Stats

  • This quiz has been taken 115 times
  • The average score is 67 of 80

Answer Stats

QuestionTileSelect% Correct
countries with a capital city that starts with BDenmarkNo
100%
countries with a capital city that starts with BGreeceNo
100%
countries with a capital city that starts with BNetherlandsNo
100%
island countriesBelgiumNo
99%
island countriesBurkina FasoNo
99%
island countriesEstoniaNo
99%
countries with a capital city that starts with BGermanyYes
99%
landlocked countriesHaitiNo
99%
landlocked countriesIcelandNo
99%
island countriesOmanNo
99%
island countriesSouth SudanNo
99%
countries north of equatorUruguayNo
98%
countries north of equatorVanuatuNo
98%
landlocked countriesHondurasNo
97%
island countriesIcelandYes
97%
landlocked countriesPeruNo
97%
countries north of equatorEgyptYes
96%
countries covering more area than IranIraqNo
96%
island countriesLaosNo
96%
island countriesMaldivesYes
96%
island countriesPhillipinesYes
96%
countries with a capital city that starts with BSri LankaNo
96%
island countriesTanzaniaNo
96%
landlocked countriesAngolaNo
95%
island countriesCubaYes
95%
island countriesDenmarkNo
95%
island countriesMadagascarYes
95%
island countriesNew ZealandYes
95%
countries with a capital city that starts with BParaguayNo
95%
countries covering more area than IranUSAYes
94%
countries with a capital city that starts with BAngolaNo
93%
countries north of equatorAngolaNo
93%
landlocked countriesAustriaYes
93%
island countriesCosta RicaNo
93%
landlocked countriesEstoniaNo
93%
countries with a capital city that starts with BBrazilYes
92%
landlocked countriesNepalYes
92%
countries covering more area than IranCanadaYes
91%
countries covering more area than IranRussiaYes
91%
countries with a capital city that starts with BThailandYes
90%
countries with a capital city that starts with BLebanonYes
89%
landlocked countriesPolandNo
89%
countries with a capital city that starts with BSenegalNo
89%
landlocked countriesUzbekistanYes
89%
landlocked countriesAndorraYes
88%
countries north of equatorBoliviaNo
88%
landlocked countriesHungaryYes
88%
countries covering more area than IranChileNo
85%
countries covering more area than IranPakistanNo
80%
countries north of equatorSudanYes
80%
landlocked countriesUgandaYes
80%
countries covering more area than IranFranceNo
79%
countries covering more area than IranArgentinaYes
78%
landlocked countriesBurkina FasoYes
78%
landlocked countriesParaguayYes
78%
countries north of equatorNigerYes
77%
countries with a capital city that starts with BSlovakiaYes
76%
countries north of equatorIndiaYes
74%
countries covering more area than IranMexicoYes
74%
countries covering more area than IranAlgeriaYes
72%
countries covering more area than IranTurkeyNo
72%
countries covering more area than IranEthiopiaNo
69%
countries north of equatorThailandYes
69%
countries north of equatorVenezuelaYes
69%
countries north of equatorYemenYes
69%
countries north of equatorGhanaYes
68%
countries with a capital city that starts with BBruneiYes
67%
countries covering more area than IranUkraineNo
66%
countries north of equatorLiberiaYes
64%
countries with a capital city that starts with BBelizeYes
61%
island countriesMalaysiaNo
61%
landlocked countriesArmeniaYes
60%
countries covering more area than IranIndonesiaYes
59%
countries north of equatorSri LankaYes
58%
countries with a capital city that starts with BKyrgyzstanYes
56%
countries covering more area than IranChadNo
55%
countries with a capital city that starts with BBarbadosYes
53%
countries covering more area than IranLibyaYes
49%
countries north of equatorSingaporeYes
48%
countries north of equatorEquatorial GuineaYes
24%

Score Distribution

Percentile by Number Answered

Percent of People with Each Score

Your Score History

You have not taken this quiz